000 00854nam a2200253Ia 4500
003 OSt
005 20220923224744.0
006 a|||||r|||| 00| 0
007 ta
008 220922b |||||||| |||| 00| 0 hin d
024 _a249,735
037 _cTextual
040 _aARTS
_cARTS
_bhin
041 _2hin
_ahin
082 _aO152,1:g(P:75), L0
100 _aशिरोमणि, आशा
245 0 _aहिन्दी काव्य मे वात्सल्य रस
246 _aHindī kāvya me vātsalya rasa
260 _aदिल्ली
_b नेशनल पब्लिशिंग हाउस
_c1970
300 _a338पृ.
_ccm.
650 _aहिन्दी साहित्य
_9156264
942 _hO152,1:g(P:75), L0
_cTEXL
_2CC
999 _c373461
_d373461